all time low songs - Statistics

General Stats
  • This quiz has been taken 534 times
  • The average score is 5 of 15
Answer Stats
Hint Answer % Correct
theres a story at the bottom of this bottle dear maria,count me in
83%
He woke up from dreaming and put on his shoes remembering sunday
83%
you only help me when im wasted stella
57%
pull the trigger without thinking time bomb
40%
little rats,running mazes,having babies the reckless and the brave
39%
not gonna file you under latest nostalgia heroes
35%
hey there,its good to see you again walls
31%
be anymore obvious,could you? vegas
26%
hey kid,you've got a lot of potential the party scene
14%
it's all we know let it roll
12%
from the floor i found the life i lead today the beach
12%
as the blue light bathes our smiles break out!break out!
11%
the remains of my wasted youth the coffee shop soundtrack
5%
i've got a watch but i dont have time posion
2%
you must think that im crazy Keep change,you filthy animal
0%
No matching quizzes found
Score Distribution
Percent of People with Each Score
Percentile by Number Answered
Your Score History
You have not taken this quiz